00786cam a2200217 a 4500020001500000082002200015100003100037245009300068260005300161300003400214500002000248526003700268650004100305650001200346650002800358650002700386700002500413942001200438999001900450952009900469 a013078189400a624.15132bGOOcD1 aGoodman, Richard E.92557610aBlock theory and its application to rock engineering /cRichard E. Goodman, Gen-hua Shi. aEnglewood Cliffs, N.J. :bPrentice-Hall,cc1985. axiv, 338 p. :bill. ;c24 cm. aIncludes index. a0b0c0d624_151320000000000_GOO 0aBlock theory (Rock mechanics)942537 0aD96527 0aRock excavation.942508 0aRock mechanics.9234891 aShi, Gen-hua,942538 2ddccBK c546414d546414 00102ddc4070aMCEbMCEd2014-06-11l0o624.15132 GOOpMCE-44885r2014-06-11w2014-06-11yBK